El pobre de Asís / (Record no. 124681)

MARC details
000 -CABECERA
campo de control de longitud fija 00583nam a2200193 a 4500
005 - FECHA Y HORA DE LA ÚLTIMA TRANSACCIÓN
campo de control 20210223130313.0
008 - ELEMENTOS DE LONGITUD FIJA--INFORMACIÓN GENERAL
campo de control de longitud fija 071003s1990 ag r 000 0 spa d
035 ## - NÚMERO DE CONTROL DEL SISTEMA
Número de control de sistema UPN01000152558
049 ## - COLECCIÓN
Colección CG
050 #4 - SIGNATURA TOPOGRÁFICA DE LA BIBLIOTECA DEL CONGRESO
Número de clasificación BX4700 F6
Número de documento/Ítem K3.6 1990
100 1# - ASIENTO PRINCIPAL--NOMBRE PERSONAL
Nombre de persona Kazantzakis, Nikos,
Fechas asociadas al nombre 1885-1957
245 13 - MENCIÓN DE TÍTULO
Título El pobre de Asís /
Mención de responsabilidad, etc. Niko Kazantzakis ; tr. Enrique Pezzoni.
250 ## - MENCIÓN DE EDICIÓN
Mención de edición 8a ed.
260 ## - PUBLICACIÓN, DISTRIBUCIÓN, ETC.
Lugar de publicación, distribución, etc. Buenos Aires :
Nombre del editor, distribuidor, etc. Carlos Lohlé,
Fecha de publicación, distribución, etc. 1990.
300 ## - DESCRIPCIÓN FÍSICA
Extensión 356 p.
534 ## - NOTA SOBRE LA VERSIÓN ORIGINAL
Frase introductoria Título original:
Mención de título del original Le pauvre d'Asis
600 04 - ASIENTO SECUNDARIO DE MATERIA - NOMBRE PERSONAL
Nombre de persona FRANCISCO,
Títulos y otros términos asociados al nombre DE ASIS, SAN,
Fechas asociadas al nombre 1182-1226
9 (RLIN) 8072
905 ## - TIPO DE MATERIAL
Tipo de material Libro
Holdings
Estado de retiro Estado de pérdida Fuente del sistema de clasificación o colocación Estado dañado No para préstamo Código de colección Localización permanente Ubicación/localización actual Ubicación en estantería Total de préstamos Clasificación Código de barras Fecha visto por última vez Número de copia Tipo de ítem Koha
    Library of Congress Classification     Colección General Bib. Gregorio Torres Quintero Bib. Gregorio Torres Quintero Planta baja 1 BX4700 F6 K3.6 1990 251561 31/12/2020 1 Libro